000 00670nam a2200217Ia 4500
005 20221213121713.0
008 131103s9999 xx 000 0 und d
040 _aLoreto College
041 _aEnglish
082 _a812.52
_bONE
100 _aO'Neill,Eugene
245 4 _aThe Later plays of Eugene O'Neill
_cedited by Travis Bogard
260 _aNew York
_bThe Modern Library
_cc 1967
300 _axxxii,409 p.
_b illus.
440 _aModern Library College Editions
504 _aAb,Wilderness!/A touch of the poet/Hughie/A Moon for the Misbegotten
650 _aAmerican Drama - Collections
700 _aBogard,Travis,ed.
850 _aLCLIB
942 _cBK
999 _c11727
_d62206